UBT Library

Assessment of health care technologies : (Record no. 39580)

000 -LEADER
fixed length control field 00850pam a2200253 a 4500
001 - CONTROL NUMBER
control field 4469156
005 - DATE AND TIME OF LATEST TRANSACTION
control field 20180103031428.0
008 - FIXED-LENGTH DATA ELEMENTS--GENERAL INFORMATION
fixed length control field 960208s1996 enk b 001 0 eng c
010 ## - LIBRARY OF CONGRESS CONTROL NUMBER
LC control number 96003533
020 ## - INTERNATIONAL STANDARD BOOK NUMBER
International Standard Book Number 0471965715 (cased : alk. paper)
040 ## - CATALOGING SOURCE
Original cataloging agency DNLM/DLC
Transcribing agency DLC
Modifying agency DLC
041 ## - LANGUAGE CODE
Language code of text/sound track or separate title eng
043 ## - GEOGRAPHIC AREA CODE
Geographic area code e------
060 10 - NATIONAL LIBRARY OF MEDICINE CALL NUMBER
Classification number W 74 A8465 1996
080 ## - UNIVERSAL DECIMAL CLASSIFICATION NUMBER
Universal Decimal Classification number 610 SZC
082 00 - DEWEY DECIMAL CLASSIFICATION NUMBER
Classification number 610 SZC
Edition number 20
100 ## - Rafti
Rafti 27
101 ## - Shkurtesa
Shkurtesa IM
245 00 - TITLE STATEMENT
Title Assessment of health care technologies :
Statement of responsibility, etc edited by Ala Szczepura and Jari Kankaanpää.
504 ## - BIBLIOGRAPHY, ETC. NOTE
Bibliography, etc Includes bibliographical references and index.
906 ## - LOCAL DATA ELEMENT F, LDF (RLIN)
a 7
b cbc
c orignew
d 1
e ocip
f 19
g y-gencatlg
942 ## - ADDED ENTRY ELEMENTS (KOHA)
Source of classification or shelving scheme
Item type Books
Holdings
Withdrawn status Lost status Source of classification or shelving scheme Damaged status Not for loan Collection code Permanent location Current location Shelving location Date acquired Total Checkouts Full call number Barcode Date last seen Price effective from Koha item type
          Koleksioni i përgjithshem UBT - Lipjan UBT - Lipjan Koleksioni i përgjithshem 01/03/2018   610 SZC 002-2994267 01/03/2018 01/03/2018 Books
UBT Library © 2015-2024. All rights reserved University Education for Business and Technology